World Tour - Sudden Death - Statistics

General Stats
  • This quiz has been taken 37,172 times
    37,035 since last reset
  • The average score is 9 of 18
Answers on the Grid
Answers color-coded by a green-red scale on the quiz's grid according to % correct below.
START
United Kingdom
1. United Kingdom
I am joined by the Channel tunnel to...
Canada
12. Canada
I share Hans Island with...
Senegal
South Africa
Algeria
5. Algeria
The smallest country I border is...
Sweden
Germany
14. Germany
My Southernmost African colony was...
Argentina
Russia
11. Russia
The country of the world closest to my size is...
Netherlands
Brazil
16. Brazil
I DON'T border Ecuador or this other South American country...
Cyprus
Italy
8. Italy
I was a major WW2 Axis power with Germany and...
France
2. France
I surround Andorra with this country...
China
10. China
The largest country I border is...
India
Tunisia
6. Tunisia
The nearest island country to me is...
Namibia
15. Namibia
Due West across the Atlantic from me is...
Fiji
Chile
17. Chile
After me and Argentina, the southernmost world country is...
Malta
7. Malta
The nearest European country to me is...
Australia
18. Australia
Last stop on the tour! I hope you didn't skip any :)
United States
Morocco
4. Morocco
I border this country with the same number of letters...
Norway
Spain
3. Spain
I share a border in a different continent with...
Denmark
13. Denmark
My only European border is with...
Turkey
Japan
9. Japan
Most of my trade imports are from...
Peru
 
Answer Stats
Answer % Correct
START
United Kingdom
1. United Kingdom
I am joined by the Channel tunnel to...
99%
France
2. France
I surround Andorra with this country...
87%
Spain
3. Spain
I share a border in a different continent with...
81%
Morocco
4. Morocco
I border this country with the same number of letters...
68%
Tunisia
6. Tunisia
The nearest island country to me is...
66%
Italy
8. Italy
I was a major WW2 Axis power with Germany and...
61%
Malta
7. Malta
The nearest European country to me is...
58%
Algeria
5. Algeria
The smallest country I border is...
57%
Japan
9. Japan
Most of my trade imports are from...
53%
Russia
11. Russia
The country of the world closest to my size is...
41%
Canada
12. Canada
I share Hans Island with...
40%
China
10. China
The largest country I border is...
39%
Germany
14. Germany
My Southernmost African colony was...
29%
Denmark
13. Denmark
My only European border is with...
24%
Namibia
15. Namibia
Due West across the Atlantic from me is...
23%
Brazil
16. Brazil
I DON'T border Ecuador or this other South American country...
16%
Chile
17. Chile
After me and Argentina, the southernmost world country is...
14%
Australia
18. Australia
Last stop on the tour! I hope you didn't skip any :)
9%
No matching quizzes found
Score Distribution
Percent of People with Each Score
Percentile by Number Answered
Your Score History
You have not taken this quiz since the last reset